[Event "Hoogeveen op 26th"]
[Site "Hoogeveen"]
[Date "2023.10.24"]
[Round "4"]
[White "Vogel, Jaap"]
[Black "Boersma, Jan"]
[Result "1/2-1/2"]
[WhiteElo "2106"]
[BlackElo "1997"]
[PlyCount "25"]
[EventDate "2023.10.21"]
[EventType "swiss"]
[EventRounds "9"]
[EventCountry "NED"]
[SourceTitle "Mega2024 Update 01"]
[Source "Chessbase"]
[SourceDate "2023.11.12"]
[SourceVersion "1"]
[SourceVersionDate "2023.11.12"]
[SourceQuality "1"]

1. d4 Nf6 2. Nf3 g6 3. g3 Bg7 4. Bg2 0-0 5. 0-0 d6 6. a4 c6 7. Nc3 Bg4 8. a5 a6 9. h3 Bxf3 10. Bxf3 Nbd7 11. Bg2 Qc7 12. e4 e5 13. Be3 1/2-1/2

[Event "Dieren op"]
[Site "Dieren"]
[Date "2023.08.02"]
[Round "8"]
[White "Kurt, Sascha"]
[Black "Boersma, Jan"]
[Result "1-0"]
[WhiteElo "1986"]
[BlackElo "1988"]
[PlyCount "103"]
[EventDate "2023.07.25"]
[EventType "swiss"]
[EventRounds "9"]
[EventCountry "NED"]
[SourceTitle "CBM 215 Extra"]
[Source "ChessBase"]
[SourceDate "2023.09.30"]
[SourceVersion "1"]
[SourceVersionDate "2023.09.30"]
[SourceQuality "1"]

1. e4 c5 2. Nf3 g6 3. d4 cxd4 4. Qxd4 Nf6 5. e5 Nc6 6. Qa4 Nd5 7. Qb3 Nb6 8. Bf4 Bg7 9. Nc3 d5 10. exd6 Be6 11. Qa3 0-0 12. 0-0-0 exd6 13. Bxd6 Qc8 14. Nb5 Rd8 15. Bd3 Nd5 16. Be4 Nf6 17. Bxc6 bxc6 18. Nc7 Rxd6 19. Qxd6 Ne4 20. Qxc6 Rb8 21. Rd4 Nxf2 22. Rf1 Rb6 23. Nxe6 Rxc6 24. Rd8+ Qxd8 25. Nxd8 Bh6+ 26. Kb1 Rd6 27. Nb7 Rb6 28. Rxf2 Rxb7 29. c3 f5 30. Kc2 Bg7 31. Re2 h6 32. b3 g5 33. c4 Bf6 34. a3 Kf7 35. b4 f4 36. c5 Rc7 37. Kb3 g4 38. Ne1 Kg6 39. Kc4 h5 40. b5 h4 41. c6 Kf5 42. a4 Rh7 43. h3 gxh3 44. gxh3 Bd8 45. Nf3 Bb6 46. Re5+ Kf6 47. Kd5 Rh8 48. Ke4 Bc7 49. Rf5+ Kg6 50. Ne5+ Bxe5 51. Rxe5 Rf8 52. Kf3 1-0

[Event "Dieren op"]
[Site "Dieren"]
[Date "2023.07.27"]
[Round "3"]
[White "Boersma, Jan"]
[Black "De Jong, Tom"]
[Result "0-1"]
[WhiteElo "1988"]
[BlackElo "2176"]
[PlyCount "100"]
[EventDate "2023.07.25"]
[EventType "swiss"]
[EventRounds "9"]
[EventCountry "NED"]
[SourceTitle "CBM 215 Extra"]
[Source "ChessBase"]
[SourceDate "2023.09.30"]
[SourceVersion "1"]
[SourceVersionDate "2023.09.30"]
[SourceQuality "1"]

1. e4 c6 2. c4 d5 3. cxd5 cxd5 4. exd5 Nf6 5. Qa4+ Nbd7 6. Nc3 g6 7. Nf3 Bg7 8. Bc4 0-0 9. d3 a6 10. Qa3 b6 11. 0-0 Bb7 12. Re1 Re8 13. Bg5 b5 14. Bb3 Nb6 15. d6 Qxd6 16. Ne5 Nfd5 17. Nxd5 Nxd5 18. Qxd6 exd6 19. Nd7 Bxb2 20. Bxd5 Bxd5 21. Nb6 Bxa1 22. Rxa1 Be6 23. Nxa8 Rxa8 24. Bf6 Rc8 25. h3 Kf8 26. a4 b4 27. a5 Ke8 28. g4 Kd7 29. Kg2 b3 30. Ra4 Rb8 31. Bb2 Kc6 32. Kf3 Kb5 33. Ra1 Kb4 34. Ke3 Rc8 35. Ba3+ Kxa5 36. Bxd6+ Kb5 37. Be5 a5 38. Bb2 Rc2 39. Ba3 a4 40. f3 Rh2 41. Ke4 Ra2 42. Rxa2 bxa2 43. Bb2 Kb4 44. d4 Kb3 45. Ba1 Kc2 46. d5 Bxd5+ 47. Kxd5 Kb1 48. Bf6 a1Q 49. Bxa1 Kxa1 50. Kc4 Kb2 0-1

[Event "Hoogeveen op 25th"]
[Site "Hoogeveen"]
[Date "2022.10.19"]
[Round "6"]
[White "Kotyk, Michael"]
[Black "Boersma, Jan"]
[Result "1-0"]
[WhiteElo "2105"]
[BlackElo "1930"]
[PlyCount "69"]
[EventDate "2022.10.15"]
[EventType "swiss"]
[EventRounds "9"]
[EventCountry "NED"]
[SourceTitle "CBM 210 Extra"]
[Source "ChessBase"]
[SourceDate "2022.11.30"]
[SourceVersion "1"]
[SourceVersionDate "2022.11.30"]
[SourceQuality "1"]

1. d4 Nf6 2. c4 g6 3. Nc3 Bg7 4. e4 0-0 5. Be3 d6 6. h3 Nc6 7. d5 Nb8 8. Nf3 c6 9. Be2 e6 10. dxe6 Bxe6 11. 0-0 Na6 12. a3 Qe7 13. Qc2 Rfe8 14. Rad1 Bc8 15. b4 Nxe4 16. Qxe4 Qxe4 17. Nxe4 Rxe4 18. Rxd6 Re8 19. Rfd1 h6 20. b5 cxb5 21. cxb5 Nc7 22. Rc1 Ne6 23. a4 Bf8 24. Rdd1 Bg7 25. Bc4 g5 26. Bd5 a6 27. Rxc8 Raxc8 28. Bxb7 Rcd8 29. Rxd8 Rxd8 30. bxa6 Nc7 31. Bb6 Rd1+ 32. Kh2 Nxa6 33. Bxa6 Rd6 34. a5 Bc3 35. Bc8 1-0

[Event "Hoogeveen op 24th"]
[Site "Hoogeveen"]
[Date "2021.10.19"]
[Round "5"]
[White "Van den Berg, Bram"]
[Black "Boersma, Jan"]
[Result "1-0"]
[WhiteElo "2209"]
[BlackElo "2049"]
[PlyCount "115"]
[EventDate "2021.10.15"]
[EventType "swiss"]
[EventRounds "9"]
[EventCountry "NED"]
[SourceTitle "CBM 204 Extra"]
[Source "ChessBase"]
[SourceDate "2021.11.30"]
[SourceVersion "1"]
[SourceVersionDate "2021.11.30"]
[SourceQuality "1"]

1. e4 c5 2. b3 g6 3. Bb2 Nf6 4. Nc3 d6 5. Nd5 Bg7 6. Bb5+ Bd7 7. Nxf6+ exf6 8. Bxd7+ Qxd7 9. Qf3 Nc6 10. Bxf6 Nd4 11. Bxd4 cxd4 12. Qd3 0-0 13. Ne2 Rfe8 14. 0-0 Qe7 15. Ng3 h5 16. Rae1 h4 17. Nh1 Rac8 18. f3 Rc5 19. f4 Qc7 20. f5 Be5 21. fxg6 fxg6 22. Nf2 Rf8 23. Ng4 Rxf1+ 24. Rxf1 Rxc2 25. Nh6+ Kh8 26. Rf8+ Kg7 27. Rf7+ Kxh6 28. Rxc7 Rxc7 29. Kf2 Rf7+ 30. Ke2 Rc7 31. Qh3 Kg5 32. Kd3 a6 33. a4 Rh7 34. b4 Rc7 35. a5 Rh7 36. Qc8 Rg7 37. h3 Rh7 38. Kc4 Kf6 39. Kd5 Re7 40. Qd8 Kf7 41. d3 g5 42. Kc4 Kf6 43. b5 axb5+ 44. Kxb5 Bf4 45. Kb6 Bd2 46. Qh8+ Kf7 47. Qxd4 Bf4 48. Qd5+ Kf8 49. Ka7 Kg7 50. Kb8 Kf6 51. Kc8 Rf7 52. d4 Re7 53. Kd8 Rf7 54. Ke8 Rc7 55. e5+ Kg7 56. exd6 Rc8+ 57. Kd7 Rf8 58. Qxb7 1-0

[Event "Hoogeveen op 23rd"]
[Site "Hoogeveen"]
[Date "2019.10.25"]
[Round "8"]
[White "Tabak, Stefan"]
[Black "Boersma, Jan"]
[Result "0-1"]
[WhiteElo "2181"]
[BlackElo "2070"]
[PlyCount "74"]
[EventDate "2019.10.19"]
[EventType "swiss"]
[EventRounds "9"]
[EventCountry "NED"]
[SourceTitle "CBM 192 Extra"]
[Source "Chessbase"]
[SourceDate "2019.11.06"]
[SourceVersion "1"]
[SourceVersionDate "2019.11.06"]
[SourceQuality "1"]

1. e4 c5 2. Nc3 g6 3. g3 Bg7 4. Bg2 Nc6 5. d3 d6 6. f4 Nh6 7. Nf3 0-0 8. 0-0 Rb8 9. h3 f5 10. Be3 b5 11. Qd2 b4 12. Nd1 Nd4 13. Kh2 Ba6 14. Re1 Nf7 15. Bf2 e5 16. exf5 gxf5 17. Ne3 Qd7 18. Nh4 Bb7 19. c3 Bxg2 20. Nexg2 bxc3 21. bxc3 Nc6 22. Ne3 Ne7 23. Rab1 d5 24. fxe5 Nxe5 25. Neg2 d4 26. cxd4 cxd4 27. Nf4 N7g6 28. Nfg2 Bf6 29. Qh6 Bxh4 30. gxh4 Nf3+ 31. Kh1 Qc7 32. Nf4 Nxe1 33. Rxb8 Qc6+ 34. Kh2 Rxb8 35. Bxe1 Rb2+ 36. Kg3 Qc1 37. Bf2 Qxf4+ 0-1

[Event "Hoogeveen op 22nd"]
[Site "Hoogeveen"]
[Date "2018.10.27"]
[Round "9"]
[White "Kevlishvili, Robby"]
[Black "Boersma, Jan"]
[Result "1-0"]
[WhiteElo "2461"]
[BlackElo "2047"]
[PlyCount "53"]
[EventDate "2018.10.20"]
[EventType "swiss"]
[EventRounds "9"]
[EventCountry "NED"]
[SourceTitle "CBM 187 Extra"]
[Source "ChessBase"]
[SourceDate "2018.11.04"]
[SourceVersion "1"]
[SourceVersionDate "2018.11.04"]
[SourceQuality "1"]

1. e4 c5 2. Nf3 g6 3. c4 Nc6 4. d4 cxd4 5. Nxd4 Nf6 6. Nc3 d6 7. Nc2 Bg7 8. Be2 0-0 9. 0-0 b6 10. Rb1 Bb7 11. b3 Nb8 12. f3 Nbd7 13. Bb2 a6 14. a4 Rc8 15. Qd2 Re8 16. Rfd1 Bf8 17. Nd5 e6 18. Nxf6+ Nxf6 19. Kh1 Nh5 20. Qd4 e5 21. Qf2 d5 22. exd5 Bc5 23. Qe1 e4 24. Qc3 f6 25. fxe4 Nf4 26. Bf3 Re5 27. Qd2 1-0

[Event "Hoogeveen op 22nd"]
[Site "Hoogeveen"]
[Date "2018.10.21"]
[Round "2"]
[White "Ingebretsen, Jens E"]
[Black "Boersma, Jan"]
[Result "1-0"]
[WhiteElo "2160"]
[BlackElo "2047"]
[PlyCount "119"]
[EventDate "2018.10.20"]
[EventType "swiss"]
[EventRounds "9"]
[EventCountry "NED"]
[SourceTitle "CBM 187 Extra"]
[Source "ChessBase"]
[SourceDate "2018.11.04"]
[SourceVersion "1"]
[SourceVersionDate "2018.11.04"]
[SourceQuality "1"]

1. e4 c5 2. Nf3 g6 3. c4 Nc6 4. d4 cxd4 5. Nxd4 Nf6 6. Nc3 d6 7. Be2 Nxd4 8. Qxd4 Bg7 9. Be3 Be6 10. 0-0 0-0 11. Qd2 Qa5 12. Rab1 Rfc8 13. b3 a6 14. Rfc1 Qd8 15. f3 Qf8 16. Bf1 Nd7 17. Nd5 Bxd5 18. exd5 a5 19. Re1 Rc7 20. Rbc1 b6 21. Qf2 Nc5 22. Rc2 Rac8 23. Qe2 Bf6 24. Rb1 Qg7 25. Qd2 h5 26. Kh1 Kh7 27. a3 Nd7 28. Bd3 Nc5 29. b4 Na4 30. f4 Kg8 31. f5 g5 32. bxa5 bxa5 33. Qxa5 Nb2 34. Be2 Nxc4 35. Qb4 Nxe3 36. Rxc7 Rxc7 37. Qb8+ Kh7 38. Qxc7 Nxd5 39. Qc4 Nc3 40. Rb7 d5 41. Qd3 g4 42. Rc7 Ne4 43. Qxd5 Nf2+ 44. Kg1 Bd4 45. Kf1 Bb6 46. Rc1 Qf6 47. g3 e6 48. Qb5 Be3 49. Re1 e5 50. Qd7 Kg7 51. Bc4 Bd4 52. Kg2 Nh3 53. a4 Ng5 54. a5 h4 55. gxh4 Nf3 56. Re4 Nxh4+ 57. Kh1 Nxf5 58. Rxg4+ Kh6 59. Qxf7 Qc6+ 60. Rg2 1-0

[Event "Hoogeveen op 21st"]
[Site "Hoogeveen"]
[Date "2017.10.27"]
[Round "8"]
[White "Boersma, Jan"]
[Black "Elgersma, Onno"]
[Result "0-1"]
[WhiteElo "2057"]
[BlackElo "1884"]
[PlyCount "108"]
[EventDate "2017.10.21"]
[EventType "swiss"]
[EventRounds "9"]
[EventCountry "NED"]
[SourceTitle "CBM 181 Extra"]
[Source "ChessBase"]
[SourceDate "2017.12.12"]
[SourceVersion "1"]
[SourceVersionDate "2017.12.12"]
[SourceQuality "1"]

1. e4 e6 2. d4 d5 3. Nd2 Nf6 4. Bd3 c5 5. e5 Nfd7 6. c3 Nc6 7. Ngf3 cxd4 8. cxd4 Be7 9. 0-0 Qb6 10. a3 a5 11. Qa4 g5 12. Nb3 g4 13. Ne1 Qc7 14. Nd2 h5 15. Nc2 Nb6 16. Qb3 Bd7 17. Re1 h4 18. Nf1 0-0-0 19. Bf4 Kb8 20. Rac1 Rdf8 21. Be2 a4 22. Qe3 Rfg8 23. Nb4 Qd8 24. Nxc6+ Bxc6 25. Rc3 Nc4 26. Qc1 Na5 27. Ne3 Nb3 28. Qd1 Qb6 29. Nc2 Na5 30. Bc1 g3 31. hxg3 hxg3 32. fxg3 Nb3 33. Bf4 Rg7 34. Rf1 Rgh7 35. Kf2 Na5 36. Qc1 Rh2 37. g4 R2h4 38. Ke1 Rh1 39. Kf2 Bh4+ 40. Kf3 Rxf1+ 41. Bxf1 Be7 42. Kf2 Nb3 43. Qd1 Ka7 44. Qd3 Rh1 45. g5 Be8 46. Be3 Na5 47. Bc1 Nc4 48. Qg3 Nxb2 49. Qf3 Bb5 50. Bxb5 Nd1+ 51. Kg3 Nxc3 52. Qxc3 Qxb5 53. Be3 Bd8 54. Nb4 Ba5 0-1

[Event "Hoogeveen op 21st"]
[Site "Hoogeveen"]
[Date "2017.10.26"]
[Round "7"]
[White "O'Gorman, Tom"]
[Black "Boersma, Jan"]
[Result "1-0"]
[WhiteElo "2240"]
[BlackElo "2057"]
[PlyCount "101"]
[EventDate "2017.10.21"]
[EventType "swiss"]
[EventRounds "9"]
[EventCountry "NED"]
[SourceTitle "CBM 181 Extra"]
[Source "ChessBase"]
[SourceDate "2017.12.12"]
[SourceVersion "1"]
[SourceVersionDate "2017.12.12"]
[SourceQuality "1"]

1. e4 c5 2. Nf3 g6 3. d4 cxd4 4. Nxd4 Nc6 5. c4 Nf6 6. Nc3 d6 7. Be2 Nxd4 8. Qxd4 Bg7 9. Be3 0-0 10. Qd2 a5 11. 0-0 a4 12. Rad1 Qa5 13. Nd5 Qxd2 14. Nxe7+ Kh8 15. Bxd2 Nxe4 16. Bf3 Nxd2 17. Rxd2 Be6 18. Nd5 Ra5 19. b4 axb3 20. axb3 Ra3 21. Bd1 h5 22. Nc7 Rd8 23. Nb5 Ra6 24. Bf3 Bh6 25. Rdd1 Rb6 26. Bd5 Bxd5 27. Rxd5 Kg8 28. Rfd1 Bf8 29. h3 Ra8 30. R5d2 Ra5 31. Kh2 h4 32. Kg1 Be7 33. Kf1 d5 34. Rxd5 Bb4 35. Re5 Ra2 36. Re2 Rba6 37. Nc7 Ra1 38. Re8+ Kg7 39. Red8 Rxd1+ 40. Rxd1 Ra2 41. Ne8+ Kf8 42. Nf6 Rb2 43. Rd3 Kg7 44. Ng4 Bc5 45. Ne3 Bxe3 46. Rxe3 Kf6 47. g3 hxg3 48. Rxg3 g5 49. Re3 Kg6 50. Kg2 f5 51. Re6+ 1-0

[Event "Hoogeveen op 21st"]
[Site "Hoogeveen"]
[Date "2017.10.21"]
[Round "1"]
[White "Uksini, Bardhyl"]
[Black "Boersma, Jan"]
[Result "1-0"]
[WhiteElo "2363"]
[BlackElo "2057"]
[PlyCount "63"]
[EventDate "2017.10.21"]
[EventType "swiss"]
[EventRounds "9"]
[EventCountry "NED"]
[SourceTitle "CBM 181 Extra"]
[Source "ChessBase"]
[SourceDate "2017.12.12"]
[SourceVersion "1"]
[SourceVersionDate "2017.12.12"]
[SourceQuality "1"]

1. d4 Nf6 2. c4 g6 3. Nc3 Bg7 4. e4 0-0 5. f4 d6 6. Nf3 Na6 7. Bd3 e5 8. fxe5 dxe5 9. d5 c6 10. 0-0 cxd5 11. cxd5 Ne8 12. Qe2 Nd6 13. Be3 f5 14. Bf2 f4 15. Nb5 Nxb5 16. Bxb5 g5 17. Rfd1 g4 18. Nh4 g3 19. hxg3 fxg3 20. Bxg3 Qg5 21. Qe1 Bg4 22. Rdc1 Bh6 23. Bxa6 bxa6 24. Rc6 Rab8 25. b3 Rb6 26. Rac1 Rxc6 27. Rxc6 Bd7 28. Rc7 Bb5 29. Nf5 Qh5 30. Bxe5 Rxf5 31. exf5 Qxf5 32. Qg3+ 1-0

[Event "Groningen op-A 54th"]
[Site "Groningen"]
[Date "2016.12.27"]
[Round "6"]
[White "Dehn, Marcus"]
[Black "Boersma, Jan"]
[Result "1-0"]
[WhiteElo "2132"]
[BlackElo "2088"]
[PlyCount "102"]
[EventDate "2016.12.21"]
[EventType "swiss"]
[EventRounds "9"]
[EventCountry "NED"]
[SourceTitle "CBM 176 Extra"]
[Source "ChessBase"]
[SourceDate "2017.03.02"]
[SourceVersion "1"]
[SourceVersionDate "2017.03.02"]
[SourceQuality "1"]

1. d4 Nf6 2. Nd2 d6 3. Ngf3 c5 4. e3 g6 5. Be2 Bg7 6. 0-0 0-0 7. a4 Qc7 8. Nc4 Nc6 9. c3 Be6 10. Ng5 Bd5 11. dxc5 dxc5 12. e4 Bxc4 13. Bxc4 Ne5 14. Qe2 h6 15. Nf3 Rad8 16. Nxe5 Qxe5 17. f3 e6 18. Be3 Nh5 19. g3 Qc7 20. Rfd1 Kh7 21. Kg2 Bf6 22. Rxd8 Rxd8 23. Rd1 Rxd1 24. Qxd1 Be5 25. Qe1 Bd6 26. Qf2 Ng7 27. Bb5 a6 28. Bc4 Nh5 29. Qe1 Qc6 30. Qd1 Nf6 31. Kf2 Nd7 32. f4 Nf6 33. e5 Ne4+ 34. Kg1 Be7 35. Qf3 Qxa4 36. Qxe4 Qa1+ 37. Bf1 Qxb2 38. Qd3 Kg7 39. c4 h5 40. Qd2 Qb3 41. Bf2 Qa4 42. Qb2 Qd7 43. Qb6 h4 44. gxh4 Qd2 45. Qxb7 Bd8 46. Qxa6 Qxf4 47. Qd6 Qg4+ 48. Bg2 Bc7 49. h3 Qxc4 50. Qxc7 Qc1+ 51. Bf1 Qg5+ 1-0

[Event "Groningen op-A 54th"]
[Site "Groningen"]
[Date "2016.12.21"]
[Round "1"]
[White "Warmerdam, Max"]
[Black "Boersma, Jan"]
[Result "1-0"]
[WhiteElo "2347"]
[BlackElo "2088"]
[PlyCount "71"]
[EventDate "2016.12.21"]
[EventType "swiss"]
[EventRounds "9"]
[EventCountry "NED"]
[SourceTitle "EXT 2018"]
[Source "ChessBase"]
[SourceDate "2017.10.13"]
[SourceVersion "1"]
[SourceVersionDate "2017.10.13"]
[SourceQuality "1"]

1. e4 c5 2. Nf3 g6 3. d4 cxd4 4. Nxd4 Nc6 5. Nc3 Bg7 6. Be3 Nf6 7. Bc4 0-0 8. Bb3 Re8 9. 0-0 d6 10. h3 Bd7 11. a3 Rc8 12. Nxc6 Bxc6 13. Qf3 Rf8 14. Rad1 Qa5 15. Bd4 Nd7 16. Bxg7 Kxg7 17. Qe3 Qc5 18. Rd4 b5 19. Qd2 Nf6 20. Re1 a5 21. a4 e5 22. Rxd6 b4 23. Nd1 Nxe4 24. Rxe4 Bxe4 25. Ne3 Rc6 26. Rd7 h5 27. f3 Bf5 28. Rd5 Qb6 29. Rb5 Rd6 30. Qf2 Qd8 31. Nxf5+ gxf5 32. Rxe5 Rd1+ 33. Kh2 Qd6 34. f4 Rd2 35. Qe3 Kf6 36. Qg3 1-0

[Event "Dieren op"]
[Site "Dieren"]
[Date "2016.08.03"]
[Round "8"]
[White "Schippers, Maurice"]
[Black "Boersma, Jan"]
[Result "1-0"]
[WhiteElo "2220"]
[BlackElo "2094"]
[PlyCount "139"]
[EventDate "2016.07.26"]
[EventType "swiss"]
[EventRounds "9"]
[EventCountry "NED"]
[SourceTitle "CBM 173 Extra"]
[Source "ChessBase"]
[SourceDate "2016.08.29"]
[SourceVersion "1"]
[SourceVersionDate "2016.08.29"]
[SourceQuality "1"]

1. e4 c5 2. Nf3 g6 3. d4 cxd4 4. Nxd4 Nc6 5. c4 Nf6 6. Nc3 d6 7. Be2 Nxd4 8. Qxd4 Bg7 9. Be3 0-0 10. Qd2 Nd7 11. 0-0 Nc5 12. f3 a5 13. Rfd1 Be6 14. Qe1 Qb6 15. Rab1 Qb4 16. Rdc1 a4 17. Nd5 Qxe1+ 18. Rxe1 Bxd5 19. exd5 Bf6 20. Kf2 Rfc8 21. Red1 h5 22. g3 Na6 23. f4 Nb4 24. Bd2 Na6 25. Kf3 Nc5 26. Be3 Ra6 27. Rd2 Raa8 28. Bf1 Kf8 29. h3 Na6 30. Rdd1 Nb4 31. Bd2 Na6 32. g4 hxg4+ 33. hxg4 Nc5 34. g5 Bg7 35. Be3 Na6 36. Be2 Nb4 37. Bd2 Na6 38. Rh1 Kg8 39. Rh2 Nc5 40. Rhh1 Bd4 41. Rhd1 Bg7 42. Be3 Ra6 43. Rd2 Raa8 44. Bf1 Na6 45. Rh2 Nb4 46. a3 Na6 47. Re1 Kf8 48. Kg4 Nc5 49. Kf3 Nb3 50. Rd1 Kg8 51. Kg4 Nc5 52. Kf3 Nb3 53. Rg2 Kf8 54. f5 Be5 55. Bd3 Kg7 56. Rh1 Rh8 57. Rh6 gxf5 58. Bxf5 Nd4+ 59. Kg4 Nxf5 60. Kxf5 Rac8 61. c5 Rce8 62. Rxh8 Rxh8 63. Rc2 Kf8 64. g6 Rh5+ 65. Kg4 fxg6 66. c6 bxc6 67. dxc6 d5 68. Bf4 Rh4+ 69. Kxh4 Bxf4 70. c7 1-0

[Event "Groningen op-A 53rd"]
[Site "Groningen"]
[Date "2015.12.22"]
[Round "2"]
[White "Heemskerk, Wim"]
[Black "Boersma, Jan"]
[Result "1-0"]
[WhiteElo "2181"]
[BlackElo "2083"]
[PlyCount "59"]
[EventDate "2015.12.21"]
[EventType "swiss"]
[EventRounds "9"]
[EventCountry "NED"]
[SourceTitle "CBM 170 Extra"]
[Source "ChessBase"]
[SourceDate "2016.02.25"]
[SourceVersion "1"]
[SourceVersionDate "2016.02.25"]
[SourceQuality "1"]

1. Nf3 Nf6 2. c4 g6 3. g3 Bg7 4. Bg2 0-0 5. 0-0 c5 6. d4 cxd4 7. Nxd4 Nc6 8. Nc3 Qa5 9. Nb3 Qh5 10. Nd5 d6 11. Nf4 Qe5 12. Re1 Bg4 13. h3 Bd7 14. e4 Rfc8 15. Nd5 Rab8 16. c5 Be8 17. f4 Qe6 18. cxd6 exd6 19. Bd2 Ne7 20. Nxe7+ Qxe7 21. Bb4 Rd8 22. e5 Nh5 23. Bxd6 Qe6 24. Nc5 Qc8 25. Ne4 Bc6 26. Qb3 Ra8 27. Rad1 h6 28. Kh2 Qf5 29. Bf3 Nxf4 30. Bg4 1-0

[Event "Hoogeveen Unive op 19th"]
[Site "Hoogeveen"]
[Date "2015.10.19"]
[Round "4"]
[White "Bekedam, Tyro"]
[Black "Boersma, Jan"]
[Result "1-0"]
[WhiteElo "1981"]
[BlackElo "2153"]
[PlyCount "27"]
[EventDate "2015.10.17"]
[EventType "swiss"]
[EventRounds "9"]
[EventCountry "NED"]
[SourceTitle "EXT 2017"]
[Source "ChessBase"]
[SourceDate "2016.10.25"]
[SourceVersion "1"]
[SourceVersionDate "2016.10.25"]
[SourceQuality "1"]

1. e4 c5 2. Nf3 g6 3. d4 cxd4 4. Nxd4 Nc6 5. Be3 Bg7 6. Nc3 Nf6 7. Bc4 Qa5 8. 0-0 0-0 9. Bb3 d6 10. h3 Bd7 11. Qd2 Nxe4 12. Nxc6 Bxc3 13. Nxe7+ Kh8 14. Bd4+ 1-0

[Event "Hoogeveen Unive op 19th"]
[Site "Hoogeveen"]
[Date "2015.10.17"]
[Round "1"]
[White "Ernst, Sipke"]
[Black "Boersma, Jan"]
[Result "1-0"]
[WhiteElo "2527"]
[BlackElo "2153"]
[PlyCount "93"]
[EventDate "2015.10.17"]
[EventType "swiss"]
[EventRounds "9"]
[EventCountry "NED"]
[SourceTitle "EXT 2017"]
[Source "ChessBase"]
[SourceDate "2016.10.25"]
[SourceVersion "1"]
[SourceVersionDate "2016.10.25"]
[SourceQuality "1"]

1. d4 Nf6 2. Nf3 g6 3. c4 Bg7 4. Nc3 0-0 5. e4 d6 6. Be2 c5 7. 0-0 Bg4 8. Be3 Bxf3 9. Bxf3 cxd4 10. Bxd4 Nc6 11. Be3 Nd7 12. Rc1 Nc5 13. Re1 Nb4 14. Be2 Bxc3 15. Rxc3 Nxa2 16. Ra3 Nb4 17. e5 a5 18. Bf3 Qc7 19. exd6 Qxd6 20. Qxd6 exd6 21. Re2 Rfe8 22. Kf1 Ne4 23. Bb6 f5 24. Rxa5 Rxa5 25. Bxa5 Nd3 26. g3 Kf7 27. h4 h5 28. Bb6 Re6 29. Ba7 Re8 30. Bd4 Re7 31. Bxe4 fxe4 32. Rc2 Nb4 33. Rd2 Ke6 34. Ke2 Rf7 35. Be3 Nd3 36. Rc2 Rf5 37. Bd4 Rf3 38. Bb6 Nb4 39. Rd2 Nd3 40. Be3 Nc1+ 41. Kd1 Nd3 42. Re2 Ne5 43. Rc2 Ng4 44. Ba7 e3 45. fxe3 Rxe3 46. Re2 Nf2+ 47. Rxf2 1-0

[Event "Dieren op"]
[Site "Dieren"]
[Date "2015.07.27"]
[Round "6"]
[White "Boersma, Jan"]
[Black "Kolbus, Dietmar"]
[Result "0-1"]
[WhiteElo "2119"]
[BlackElo "2309"]
[PlyCount "104"]
[EventDate "2015.07.21"]
[EventType "swiss"]
[EventRounds "9"]
[EventCountry "NED"]
[SourceTitle "CBM 167 Extra"]
[Source "ChessBase"]
[SourceDate "2015.09.14"]
[SourceVersion "1"]
[SourceVersionDate "2015.09.14"]
[SourceQuality "1"]

1. Nc3 d5 2. e4 c6 3. d4 g6 4. Nf3 Bg7 5. h3 Nh6 6. Bd3 f6 7. 0-0 Nf7 8. Re1 0-0 9. Bf4 e5 10. dxe5 fxe5 11. Bg3 d4 12. Nb1 Be6 13. Nbd2 c5 14. a4 Nc6 15. Nc4 b6 16. b3 Qe7 17. Qe2 Rac8 18. Na3 Nd6 19. Bb5 Bd7 20. Nc4 Nxc4 21. Bxc4+ Kh8 22. Bb5 Rce8 23. Qd2 Nb8 24. Bh4 Bf6 25. Bxd7 Nxd7 26. Bg3 Nb8 27. Qd3 Nc6 28. Nd2 Nb4 29. Qc4 a6 30. Nf3 Qe6 31. Qe2 d3 32. cxd3 Qxb3 33. Red1 a5 34. Qd2 Qe6 35. Qh6 Kg8 36. Qc1 Rf7 37. Qc3 Rd7 38. h4 Red8 39. Nxe5 Rxd3 40. Rxd3 Rxd3 41. Qc1 Bxe5 42. Bxe5 Qxe5 43. Qc4+ Kg7 44. Rb1 Rd4 45. Qc1 Rxe4 46. g3 c4 47. Qd1 c3 48. Qd7+ Qe7 49. Qc8 c2 50. Rf1 Qc5 51. Qd7+ Re7 52. Qd2 Na2 0-1

[Event "Groningen op 52nd"]
[Site "Groningen"]
[Date "2014.12.22"]
[Round "2"]
[White "Simonian, Tigran"]
[Black "Boersma, Jan"]
[Result "1/2-1/2"]
[WhiteElo "2406"]
[BlackElo "2119"]
[PlyCount "132"]
[EventDate "2014.12.21"]
[EventType "swiss"]
[EventRounds "9"]
[EventCountry "NED"]
[SourceTitle "CBM 164 Extra"]
[Source "ChessBase"]
[SourceDate "2015.03.02"]
[SourceVersion "1"]
[SourceVersionDate "2015.03.02"]
[SourceQuality "1"]

1. d4 Nf6 2. c4 g6 3. Nc3 Bg7 4. e4 0-0 5. h3 d6 6. Bg5 Qe8 7. Bd3 Nc6 8. Nge2 a6 9. Be3 b5 10. cxb5 Nb4 11. 0-0 Nxd3 12. Qxd3 axb5 13. a3 c6 14. Rac1 Ba6 15. Qc2 Nd7 16. Rfe1 Nb6 17. Rcd1 Nc4 18. Bc1 Bb7 19. a4 bxa4 20. Nxa4 Ba6 21. b3 Na5 22. Bd2 Qd8 23. Bc3 Rb8 24. Nc1 Qc7 25. e5 Rb7 26. exd6 exd6 27. b4 Nc4 28. Nb3 Bb5 29. Na5 Rbb8 30. Nb2 Nb6 31. Rc1 Nd5 32. Nd1 Qb6 33. Ne3 Nxc3 34. Qxc3 Bxd4 35. Qd2 d5 36. Nb3 Bxe3 37. Rxe3 Bc4 38. Nc5 Qxb4 39. Qd4 Qb2 40. Rec3 Qb6 41. Re1 Rfe8 42. Re5 f6 43. Ree3 Qb1+ 44. Kh2 Qf5 45. Rf3 Qe5+ 46. Qxe5 fxe5 47. Nd7 Kg7 48. Nxb8 Rxb8 49. Ra3 Rb7 50. Ra8 d4 51. Rfa3 d3 52. Rd8 e4 53. Rd4 Bd5 54. f3 exf3 55. gxf3 Bxf3 56. Raxd3 Bd5 57. Rd2 Rb1 58. Ra4 g5 59. Rg4 h6 60. Rg1 Rb4 61. Rf2 Kg6 62. Rgf1 Kh5 63. Rf6 Rb2+ 64. R1f2 Rb1 65. Rf1 Rb2+ 66. R1f2 Rb1 1/2-1/2